000 004670000a22001810004500
003 MACL
005 20150813125642.0
008 150813b xxu||||| |||| 00| 0 eng d
040 _aMACL
_cMACL
041 _aEnglish
082 _a400/SRI
100 _aSrivastava, R.N.
_95236
245 _aStylistics
_bStudies In Language And Linguistics Vol. II
260 _aDelhi
_bKalinga Publications
_c1994
350 _a225
650 _aLanguage
_981
942 _cBK
_k400
_2ddc
999 _c2691
_d2691